Большая четверка: романы; [пер. с англ.]; Большая четверка; После похорон; Кошка среди голубей
| 1. Verfasser: | |
|---|---|
| Weitere Verfasser: | |
| Zusammenfassung: | Эркюль Пуаро не может обойтись без своего друга и помощника капитана Гастингса. Именно на нем знаменитый сыщик отрабатывает свои версии, проверяя логику их построения. Впервые «простак» Гастингс появляется в одном из ранних романов писательницы «Большая четверка». В романе «После похорон» возникает классическая ситуация — съехавшиеся на похороны главы семьи родственники делят наследство. Ну а сыщик ищет его убийцу. В шпионском детективе «Кошка среди голубей» преступление совершается в частной школе, и Пуаро приходится разбираться в сложных взаимоотношениях школьных учителей. |
| Sprache: | Russisch |
| Veröffentlicht: |
Москва, Центрполиграф, 2004
|
| TOC: | Большая четверка; После похорон; Кошка среди голубей; |
| Schriftenreihe: | Весь Эркюль Пуаро вып. 5 |
| Schlagworte: | |
| Format: | MixedMaterials Buch |
| KOHA link: | https://koha.lib.tpu.ru/cgi-bin/koha/opac-detail.pl?biblionumber=81969 |
MARC
| LEADER | 00000nam0a2200000 4500 | ||
|---|---|---|---|
| 001 | 81969 | ||
| 005 | 20231101213213.0 | ||
| 010 | |a 5952401171 |b (в пер.) |b 6000 экз. | ||
| 010 | |a 5-9524-0043-4 | ||
| 021 | |a RU |b 04-66049 |9 04-3258 | ||
| 035 | |a (RuTPU)RU\TPU\book\88098 | ||
| 090 | |a 81969 | ||
| 100 | |a 20050926d2004 m y0rusy5002 ca | ||
| 101 | 1 | |a rus |c eng | |
| 102 | |a RU | ||
| 105 | |a y z 000ay | ||
| 200 | 1 | |a Большая четверка |e романы |e [пер. с англ.] |f Агата Кристи |g [худож. Е. М. Ульянова] | |
| 210 | |a Москва |c Центрполиграф |d 2004 | ||
| 215 | |a 524, [2] с. |d 21 см. | ||
| 225 | 1 | |a Весь Эркюль Пуаро |v вып. 5 | |
| 330 | |a Эркюль Пуаро не может обойтись без своего друга и помощника капитана Гастингса. Именно на нем знаменитый сыщик отрабатывает свои версии, проверяя логику их построения. Впервые «простак» Гастингс появляется в одном из ранних романов писательницы «Большая четверка». В романе «После похорон» возникает классическая ситуация — съехавшиеся на похороны главы семьи родственники делят наследство. Ну а сыщик ищет его убийцу. В шпионском детективе «Кошка среди голубей» преступление совершается в частной школе, и Пуаро приходится разбираться в сложных взаимоотношениях школьных учителей. | ||
| 464 | |t Большая четверка | ||
| 464 | |t После похорон | ||
| 464 | |t Кошка среди голубей | ||
| 610 | 1 | |a английская литература | |
| 610 | 1 | |a детективы | |
| 610 | 1 | |a романы | |
| 675 | |a 82 |v 3 |z rus | ||
| 700 | 1 | |a Кристи (Вестмакотт) |b А. (М.) |c полное имя Дейм Агата Мэри Кларисса Кристи |c девичья фамилия Миллер |c псевдоним Мэри Уэстмаккот (Вестмакотт) |c английская писательница |f 1890-1976 |g Агата (Мэри) |2 stltpush |3 (RuTPU)RU\TPU\pers\854 |9 381 | |
| 702 | 1 | |a Ульянова |b Е.М. |4 440 | |
| 801 | 0 | |a RU |b RKP |c 20041214 |g PSBO | |
| 801 | 1 | |a RU |b 63413507 |c 20050926 |g PSBO | |
| 801 | 2 | |a RU |b 63413507 |c 20150709 |g PSBO | |
| 942 | |c BK | ||